| 000 | 00946nam a2200265 i 4500 | ||
|---|---|---|---|
| 001 | 12364 | ||
| 003 | KOSZ 005 | ||
| 005 | 20201130124432.0 | ||
| 008 | 071025s1968 pl a f f 001 0 pol | ||
| 015 | _aPB 1968/4758 | ||
| 040 |
_aWA N _cKOSZ 005/RW _dKOSZ 005/RW |
||
| 080 | _a621.318:621.317 | ||
| 100 | 1 |
_aNałęcz, Maciej _d(1922-2009) _eAutor |
|
| 245 | 1 | 0 |
_aMiernictwo magnetyczne / _cMaciej Nałęcz, Janusz Jaworski. |
| 260 |
_aWarszawa : _bWydawnictwa Naukowo-Techniczne, _c1968. |
||
| 300 |
_a279, [2] s. : _bil. ; _c25 cm. |
||
| 380 | _aKsiążki. | ||
| 504 | _aBibliogr. przy rozdz. Indeks. | ||
| 650 | 4 |
_aMagnetyzm _xpomiary. |
|
| 655 | 4 | _aPodręcznik | |
| 700 | 1 |
_aJaworski, Janusz Marian _d(1937- ). _eAutor |
|
| 710 | 2 |
_aWydawnictwa Naukowo-Techniczne _4pbl. |
|
| 856 |
_uhttp://koha.tu.koszalin.pl/cgi-bin/koha/opac-detail.pl?biblionumber=12364 _yKatalog online BPK |
||
| 942 |
_2UKD _cKS |
||
| 999 |
_c12364 _d12364 |
||